Big Ten Standings - Statistics

General Stats
  • This quiz has been taken 12 times
  • The average score is 18 of 18
Answer Stats
Answer % Correct
9 Indiana
100%
2 Maryland
100%
3 Michigan
100%
1 Michigan State
100%
12 Nebraska
100%
13 Northwestern
100%
10 Ohio State
100%
7 Oregon
100%
17 Penn State
100%
11 Rutgers
100%
5 UCLA
100%
15 USC
100%
18 Washington
100%
4 Wisconsin
100%
8 Illinois
91%
16 Minnesota
91%
6 Purdue
91%
14 Iowa
82%
No matching quizzes found
Score Distribution
Percent of People with Each Score
Percentile by Number Answered
Your Score History
You have not taken this quiz